000 00478nam a2200181Ia 4500
001 18889
003 GE_BSU
008 181216s||||||||xx |||||||||||||| ||und||
040 _cGE_BSU
245 _aФармация. №1. 2016
245 _bнаучно -практический журнал
245 _cГл. ред.И.А.Самылина
260 _aMосква.
260 _c2016
300 _a56стр,28см
653 _aФармация. №2.2016
942 _cCR
999 _c51889
_d51889